000 00434nmm a2200157Ia 4500
008 251105s9999||||xx |||||||||||||||||und||
020 _a9788496831070
041 _aspa
100 _aBulgákov, Mijaíl
245 0 _aVida del señor Molière
264 _a[Madrid, España] :
_bMontesinos,
_c2007
300 _a230 páginas
650 _aOther narratives
856 _uhttps://public.digitaliapublishing.com/a/60158
942 _cCF
999 _c90122
_d90122